000 00361nam a22001337a 4500
082 _aT-245
100 _aUmair Imran
_951524
245 _aAnalyzing the quantification of pavement rehabilitation quality
260 _aRisalpur,
_bMCE
_c2018.
300 _a225p.
526 _a0
_b0
_c0
_dT_245
700 _aDr Muhammad Bilal Khurshid
_916538
942 _2ddc
_cBK
999 _c554207
_d554207